Score 0/18 Timer 03:00
2 Plays Today
% Correct
Peach
97.4%
Grapes
93.5%
Huckleberry
91%
Orange
88.8%
Tomatoes
88.1%
Raisin
72.3%
Mulberry
69.8%
Cherry
60.3%
Strawberry
46%
% Correct
Lemon
42%
Blueberries
41.2%
Mango
33.6%
Blackberry
32.3%
Apricots
30.2%
Apples
28.2%
Coconut
22.5%
Watermelon
17.1%
Guava
11.5%

You're not logged in!

Compare scores with friends on all Sporcle quizzes.
OR
Log In

From the Vault

Cube Roots

by doinklenumber239

The roots of the cube run deep.
Remove Ads.
Support Sporcle.
Get the best of Sporcle when you Go Orange. This ad-free experience offers more features, more stats, and more fun while also helping to support Sporcle. Thank you for becoming a member.

Show Comments

Extras

Top Quizzes Today


Score Distribution

Your Account Isn't Verified!

In order to create a playlist on Sporcle, you need to verify the email address you used during registration. Go to your Sporcle Settings to finish the process.

Report this User

Report this user for behavior that violates our Community Guidelines.

Details: